[Event "Sparkassen-Open B"]
[Site "Heusenstamm, Martinsee"]
[Date "2017.11.26"]
[Round "6.14"]
[White "Bär, Christian"]
[Black "Baranyai-Molnar, Adam-Kristof"]
[Result "0-1"]
[WhiteElo "1573"]
[BlackElo "1715"]
[PlyCount "40"]
[EventDate "2017.??.??"]
[WhiteTeam "SC Steinbach"]
[BlackTeam "SF Neuberg"]

1. d4 d5 2. c4 e5 3. dxe5 d4 4. Nf3 Nc6 5. a3 a5 6. e3 Bg4 7. exd4 Bxf3 8. Qxf3
Qxd4 9. Nc3 Qxe5+ 10. Qe3 O-O-O 11. Be2 Bc5 12. Qxe5 Nxe5 13. O-O Ne7 14. Rd1
Rxd1+ 15. Nxd1 Nf5 16. Be3 Bxe3 17. Nxe3 Nxe3 18. fxe3 Rd8 19. Rd1 Rxd1+ 20.
Bxd1 Nxc4 0-1

[Event "Sparkassen-Open B"]
[Site "Heusenstamm, Martinsee"]
[Date "2017.11.26"]
[Round "6.15"]
[White "Kiel, Gerhard"]
[Black "Burow, Roger"]
[Result "0-1"]
[WhiteElo "1571"]
[BlackElo "1708"]
[PlyCount "62"]
[EventDate "2017.??.??"]
[WhiteTeam "vereinslos"]
[BlackTeam "SV Kelsterbach"]

1. b3 c5 2. Bb2 Nc6 3. Nf3 d6 4. e3 Bg4 5. h3 Bh5 6. Be2 e6 7. O-O Nf6 8. d3
Be7 9. Nh2 Bg6 10. Nd2 h5 11. Nhf3 h4 12. Re1 Kf8 13. Nh2 e5 14. Bf3 Rc8 15. c4
b6 16. Bxc6 Rxc6 17. Rf1 Bxd3 18. Re1 Bf5 19. e4 Bc8 20. Re3 Nh5 21. Rf3 Nf4
22. Ndf1 Rh6 23. Ne3 Rg6 24. Kh1 Bg5 25. Nhg4 Bxg4 26. Nxg4 Qe7 27. g3 hxg3 28.
fxg3 Nh5 29. Qd5 Rc8 30. Raf1 Nf6 31. h4 Nxd5 0-1

[Event "Sparkassen-Open B"]
[Site "Heusenstamm, Martinsee"]
[Date "2017.11.26"]
[Round "6.16"]
[White "Werner, Rosalie"]
[Black "Senatov, Boris"]
[Result "1/2-1/2"]
[WhiteElo "1494"]
[BlackElo "1704"]
[PlyCount "77"]
[EventDate "2017.??.??"]
[WhiteTeam "VSG Offenbach"]
[BlackTeam "SC Heusenstamm"]

1. e4 c5 2. Nf3 d6 3. d4 cxd4 4. Nxd4 Nf6 5. Nc3 a6 6. f4 e6 7. Be2 Nc6 8. Be3
Be7 9. O-O O-O 10. Kh1 Qc7 11. Qe1 b5 12. a3 Bd7 13. Qg3 Rfe8 14. Rac1 Na5 15.
e5 Nd5 16. Nxd5 exd5 17. f5 Bf8 18. f6 g6 19. Nf5 Bxf5 20. Rxf5 Rxe5 21. Rh5
Rxe3 22. Qxe3 gxh5 23. Qg5+ Kh8 24. Bd3 Re8 25. Qf5 Re4 26. Bxe4 dxe4 27. Qxe4
Qc6 28. Qh4 Nc4 29. Qxh5 Ne5 30. h3 Qe4 31. c3 Qf4 32. Re1 Qxf6 33. Qe2 Qg6 34.
Qe3 Qd3 35. Qg5 Qc2 36. Qf6+ Kg8 37. Qf4 Qxb2 38. Rxe5 dxe5 39. Qg5+ 1/2-1/2

[Event "Sparkassen-Open B"]
[Site "Heusenstamm, Martinsee"]
[Date "2017.11.26"]
[Round "6.17"]
[White "Peteani, Damien"]
[Black "Strate, Wolfgang"]
[Result "1-0"]
[WhiteElo "1687"]
[BlackElo "1602"]
[PlyCount "120"]
[EventDate "2017.??.??"]
[WhiteTeam "SV Groß-Gerau"]
[BlackTeam "SC Eschbach"]

1. e4 d5 2. exd5 Nf6 3. Bb5+ Bd7 4. Bc4 Bg4 5. Be2 Bxe2 6. Nxe2 Qxd5 7. O-O e6
8. Nbc3 Qa5 9. d4 Bb4 10. Qd3 c6 11. Bf4 Nbd7 12. a3 Bxc3 13. Nxc3 O-O 14. b4
Qd8 15. Rfe1 Nd5 16. Bg3 Nxc3 17. Qxc3 Nf6 18. Qd3 Re8 19. Rad1 a5 20. b5 cxb5
21. Qxb5 Qd5 22. Re5 Qa2 23. Rc5 Ne4 24. Rc7 Nxg3 25. hxg3 Qxa3 26. Qd7 Qf8 27.
Rxb7 Red8 28. Qa4 Rdb8 29. Rdb1 Qc8 30. Rxb8 Rxb8 31. Rxb8 Qxb8 32. Qxa5 g6 33.
c4 Qb1+ 34. Kh2 Qc1 35. Qd8+ Kg7 36. c5 Qh6+ 37. Qh4 Qc1 38. Qf4 Qa3 39. Qe5+
Kf8 40. Qh8+ Ke7 41. Qxh7 Qa4 42. Qh4+ Kd7 43. Qf4 Ke8 44. Qd6 Qd1 45. Qe5 Qc1
46. g4 Qh6+ 47. Kg3 Qc1 48. Qe4 Qc3+ 49. Kh4 Qd2 50. Qe3 Qc2 51. Kg5 Ke7 52. d5
f6+ 53. Kh4 g5+ 54. Kg3 e5 55. c6 Kd6 56. Qf3 Ke7 57. Qf5 Qc3+ 58. Kh2 e4 59.
Qxe4+ Qe5+ 60. Qxe5+ fxe5 1-0

[Event "Sparkassen-Open B"]
[Site "Heusenstamm, Martinsee"]
[Date "2017.11.26"]
[Round "6.18"]
[White "Schwegler, Jelena"]
[Black "Bahr, Arne"]
[Result "1-0"]
[WhiteElo "1462"]
[BlackElo "1681"]
[PlyCount "64"]
[EventDate "2017.??.??"]
[WhiteTeam "SK Bad Homburg"]
[BlackTeam "SG Turm Kiel"]

1. e4 g6 2. d4 Nf6 3. Bd3 d5 4. exd5 Nxd5 5. Nf3 Bg7 6. c3 O-O 7. O-O c6 8. Bg5
Nd7 9. Nbd2 h6 10. Bh4 N7f6 11. h3 Nf4 12. Bc2 Be6 13. Bg3 N6h5 14. Bh2 Qc8 15.
Ne4 Nxg2 16. Kxg2 Bxh3+ 17. Kh1 Bxf1 18. Qxf1 Qg4 19. Qg2 Qxg2+ 20. Kxg2 Rad8
21. Re1 Rd5 22. Bb3 Rd7 23. Nc5 Rfd8 24. Nxd7 Rxd7 25. Ne5 Bxe5 26. Rxe5 Kf8
27. Re3 Nf6 28. Be5 Ng4 29. Rf3 Nxe5 30. dxe5 Rd2 31. Rxf7+ Ke8 32. Rh7 Rxb2
1-0

[Event "Sparkassen-Open B"]
[Site "Heusenstamm, Martinsee"]
[Date "2017.11.26"]
[Round "6.19"]
[White "Müller, Maximilian"]
[Black "Gade, Bernt"]
[Result "1-0"]
[WhiteElo "1362"]
[BlackElo "1666"]
[PlyCount "119"]
[EventDate "2017.??.??"]
[WhiteTeam "SC Eppelborn"]
[BlackTeam "Berkershm"]

1. Nf3 d5 2. g3 c5 3. Bg2 Nc6 4. d4 Nf6 5. c3 e6 6. O-O Be7 7. Bf4 O-O 8. Qc2
cxd4 9. Nxd4 Nxd4 10. cxd4 Bd7 11. Nc3 Rc8 12. Qd3 Nh5 13. Bd2 f5 14. Rfc1 Bd6
15. e3 g5 16. f4 gxf4 17. exf4 Kh8 18. Nb5 Bb8 19. Bf3 Nf6 20. Bb4 Bxb5 21.
Qxb5 Rf7 22. Rc3 Rxc3 23. Bxc3 Qg8 24. Qe2 Ne4 25. Qe3 Qg6 26. Bxe4 fxe4 27.
Kf2 h5 28. Rg1 Qg4 29. Bd2 e5 30. dxe5 Bxe5 31. Bc3 Bxc3 32. Qxc3+ Qg7 33.
Qxg7+ Kxg7 34. Rc1 d4 35. Rc4 Rd7 36. Ke1 Kf6 37. Rc5 d3 38. Re5 Re7 39. Rd5
Ke6 40. Rd4 Kf5 41. h3 Rc7 42. Rd5+ Kf6 43. Rd4 Rc1+ 44. Kd2 Rc2+ 45. Kd1 Rxb2
46. Rxe4 Rxa2 47. Re3 d2 48. Rd3 b5 49. Rxd2 Rxd2+ 50. Kxd2 b4 51. Kc2 a5 52.
g4 a4 53. gxh5 Kg7 54. f5 Kg8 55. h4 Kg7 56. Kd3 Kf7 57. h6 b3 58. Kc3 Kg8 59.
f6 Kf8 60. h7 1-0

[Event "Sparkassen-Open B"]
[Site "Heusenstamm, Martinsee"]
[Date "2017.11.26"]
[Round "6.20"]
[White "Stork, Christopher"]
[Black "Grabs, Peter jr"]
[Result "1/2-1/2"]
[WhiteElo "1664"]
[BlackElo "1319"]
[PlyCount "78"]
[EventDate "2017.??.??"]
[WhiteTeam "SV Oberursel"]
[BlackTeam "SC Empor Potsdam"]

1. e4 d6 2. d4 Nf6 3. Nc3 e5 4. dxe5 dxe5 5. Qxd8+ Kxd8 6. Bc4 Bb4 7. f3 Ke7 8.
Bd2 c6 9. Nge2 Be6 10. Bb3 Bxb3 11. cxb3 Nbd7 12. O-O-O Rhd8 13. Be3 Bc5 14.
Bxc5+ Nxc5 15. Kc2 Ne6 16. a3 Ng5 17. Rhf1 Rxd1 18. Nxd1 Rd8 19. Ne3 g6 20. h4
Ne6 21. Nc4 Nd4+ 22. Nxd4 exd4 23. g4 c5 24. Ne5 Nd7 25. Nd3 b6 26. Nf4 Ne5 27.
Nd3 f6 28. Rd1 Nxf3 29. b4 c4 30. Nf4 d3+ 31. Kc3 b5 32. Nd5+ Kf7 33. Rf1 Nxh4
34. Rxf6+ Kg7 35. Rf2 g5 36. Nc7 Rb8 37. Ne6+ Kg6 38. Nf8+ Kg7 39. Ne6+ Kg6
1/2-1/2

[Event "Sparkassen-Open B"]
[Site "Heusenstamm, Martinsee"]
[Date "2017.11.26"]
[Round "6.21"]
[White "Edenhäuser, Hermann"]
[Black "Policarpo, Raphael"]
[Result "1-0"]
[WhiteElo "1419"]
[BlackElo "1633"]
[PlyCount "111"]
[EventDate "2017.??.??"]
[WhiteTeam "SC Heusenstamm"]
[BlackTeam "SC Heusenstamm"]

1. e4 c5 2. Nf3 Nc6 3. d4 cxd4 4. Nxd4 e5 5. Nb5 d6 6. N1c3 a6 7. Na3 b5 8. Nd5
Nf6 9. Be3 Nxd5 10. Qxd5 Bb7 11. f3 Qd7 12. Qd2 Be7 13. Be2 O-O 14. Rd1 Kh8 15.
O-O Rae8 16. c4 b4 17. Nc2 a5 18. c5 Rd8 19. cxd6 Bxd6 20. Kh1 Qe6 21. b3 Bc5
22. Qc1 Bxe3 23. Qxe3 Qe7 24. Bb5 Qc7 25. Qc5 Rc8 26. Rc1 Ne7 27. Qxc7 Rxc7 28.
Ne3 Rfc8 29. Rxc7 Rxc7 30. Nc4 f6 31. Nxa5 Bc6 32. Nxc6 Rxc6 33. Bxc6 Nxc6 34.
Rc1 Ne7 35. Rc7 Ng8 36. Rb7 g6 37. Rxb4 Kg7 38. a4 Kf7 39. a5 Ne7 40. Rb7 Ke6
41. Rxe7+ Kxe7 42. a6 Kd6 43. a7 Kc7 44. a8=Q Kb6 45. Qb8+ Kc5 46. Qf8+ Kd4 47.
Qxf6 Ke3 48. Qxe5 h5 49. Qg5+ Ke2 50. e5 Kf2 51. e6 h4 52. Qxh4+ Kf1 53. Qe4 g5
54. e7 g4 55. e8=Q gxf3 56. Qe1# 1-0

[Event "Sparkassen-Open B"]
[Site "Heusenstamm, Martinsee"]
[Date "2017.11.26"]
[Round "6.22"]
[White "Weber, Detlef"]
[Black "Hegmann, Kolja"]
[Result "1-0"]
[WhiteElo "1633"]
[BlackElo "1300"]
[PlyCount "93"]
[EventDate "2017.??.??"]
[WhiteTeam "SC Höxter"]
[BlackTeam "TuS Makkabi"]

1. e4 e5 2. Bc4 Nc6 3. Nf3 Bc5 4. c3 Nf6 5. d3 O-O 6. O-O Qe7 7. a3 d6 8. h3
Be6 9. Bb5 a6 10. Bxc6 bxc6 11. b4 Bb6 12. Bg5 Bd7 13. c4 a5 14. Nc3 Bd4 15.
Qd2 Qe6 16. Bxf6 Qxf6 17. Rab1 axb4 18. axb4 c5 19. Nd5 Qd8 20. Nxd4 cxd4 21.
b5 Rb8 22. Nb4 Qc8 23. Nd5 Qd8 24. Qa5 Rb7 25. Ra1 Kh8 26. Qa6 Rb8 27. Rfb1 Re8
28. Qa7 Rc8 29. Ra6 Be6 30. Rc6 Bxd5 31. cxd5 Re7 32. Rbc1 Rb8 33. Rxc7 Rxc7
34. Rxc7 Rxb5 35. Rxf7 Qg8 36. Qc7 Rb1+ 37. Kh2 Rd1 38. Qe7 h6 39. Rf8 Qxf8 40.
Qxf8+ Kh7 41. Qxd6 Rxd3 42. Qxe5 Rd2 43. Qf5+ Kh8 44. d6 Ra2 45. Qf8+ Kh7 46.
d7 d3 47. Qf5+ 1-0

[Event "Sparkassen-Open B"]
[Site "Heusenstamm, Martinsee"]
[Date "2017.11.26"]
[Round "6.23"]
[White "Werner, Tom"]
[Black "Skopp, Jonathan"]
[Result "1/2-1/2"]
[WhiteElo "1627"]
[BlackElo "1218"]
[PlyCount "82"]
[EventDate "2017.??.??"]
[WhiteTeam "VSG Offenbach"]
[BlackTeam "SV Empor Erfurt"]

1. c4 Nf6 2. g3 c6 3. Bg2 d5 4. cxd5 cxd5 5. d4 Bf5 6. Nc3 e6 7. e3 Be7 8. Nf3
Nbd7 9. O-O Ne4 10. Nd2 Ndf6 11. Ndxe4 Nxe4 12. Nxe4 Bxe4 13. Bxe4 dxe4 14. Qg4
O-O 15. Qxe4 Qb6 16. b3 Rac8 17. Bb2 Rc7 18. Rac1 Rfc8 19. Qb1 Qa5 20. a3 Bxa3
21. Qa2 Bb4 22. Qxa5 Bxa5 23. Rxc7 Rxc7 24. Rc1 Rxc1+ 25. Bxc1 Bb4 26. Kf1 Kf8
27. Ke2 Ke7 28. Kd3 b5 29. Bb2 Kd6 30. e4 f6 31. f4 Kc6 32. g4 h6 33. f5 exf5
34. gxf5 Bd6 35. e5 fxe5 36. dxe5 Bf8 37. Kd4 Be7 38. Ke4 Bg5 39. e6 Bf6 40.
Ba3 a5 41. Kd3 Kc7 1/2-1/2

[Event "Sparkassen-Open B"]
[Site "Heusenstamm, Martinsee"]
[Date "2017.11.26"]
[Round "6.24"]
[White "Hüttinger, Siegfried"]
[Black "Mehl, Ulrich"]
[Result "0-1"]
[WhiteElo "1519"]
[BlackElo "1599"]
[PlyCount "106"]
[EventDate "2017.??.??"]
[WhiteTeam "SC Königsspringer Alzenau"]
[BlackTeam "Berkershm"]

1. c4 e6 2. Nc3 d5 3. cxd5 exd5 4. d4 Nf6 5. Nf3 c6 6. g3 Bf5 7. Bg2 Bd6 8. Nh4
Be6 9. O-O O-O 10. e4 dxe4 11. Nxe4 Nxe4 12. Bxe4 f5 13. d5 fxe4 14. dxe6 Qe7
15. Qg4 Rf6 16. Nf5 Qf8 17. Nh6+ Kh8 18. Nf7+ Kg8 19. Qxe4 Na6 20. Qg4 Nc5 21.
Nxd6 Qxd6 22. e7 Ne6 23. Qc4 Kh8 24. Be3 Qxe7 25. Rae1 Qf7 26. Rd1 Nc7 27. Qxf7
Rxf7 28. Rd3 Nd5 29. Bd4 a6 30. a3 Re8 31. Rfd1 Kg8 32. f4 Rfe7 33. Be5 Nc7 34.
Bxc7 Rxc7 35. Rd7 Re1+ 36. Rxe1 Rxd7 37. Re2 c5 38. Kf2 Kf7 39. Kf3 b5 40. b3
Rd3+ 41. Re3 Rxe3+ 42. Kxe3 Ke6 43. g4 Kd5 44. h4 g6 45. f5 gxf5 46. g5 Ke6 47.
h5 c4 48. b4 c3 49. Kd3 c2 50. Kxc2 f4 51. g6 hxg6 52. h6 Kf6 53. Kd3 g5 0-1

[Event "Sparkassen-Open B"]
[Site "Heusenstamm, Martinsee"]
[Date "2017.11.26"]
[Round "6.25"]
[White "Lehmann, Nils"]
[Black "Pohle, Saskia"]
[Result "1-0"]
[WhiteElo "1524"]
[BlackElo "1497"]
[PlyCount "145"]
[EventDate "2017.??.??"]
[WhiteTeam "SV Lahn Limburg"]
[BlackTeam "Muldental Wilkau-Haßlau"]

1. e4 e5 2. Nf3 Nc6 3. Bc4 Nf6 4. d3 Be7 5. c3 O-O 6. O-O a6 7. Bb3 d5 8. exd5
Nxd5 9. Re1 Bf6 10. Nbd2 Nf4 11. Ne4 Be7 12. Bc2 Bf5 13. Nxe5 Nxe5 14. Bxf4 Ng6
15. Bg3 Qd7 16. d4 Rad8 17. Nd2 Bxc2 18. Qxc2 Rfe8 19. Nf3 Bd6 20. Bxd6 Qxd6
21. Re4 Kf8 22. Rae1 Qd7 23. Qb3 c6 24. Qb4+ Ne7 25. Ng5 h6 26. Nh7+ Kg8 27.
Nf6+ gxf6 28. Rxe7 Qc8 29. Kf1 b5 30. f3 Rf8 31. R1e4 Qf5 32. Qb3 Rd7 33. Rg4+
Kh8 34. Rxd7 Qxd7 35. Qc2 Qd5 36. Qd2 Qh5 37. Qf4 Rg8 38. Qxf6+ Kh7 39. Rh4 Qg6
40. Qxg6+ fxg6 41. Re4 Rg7 42. Re6 Rc7 43. Re8 a5 44. b3 Ra7 45. Rc8 Ra6 46.
Ke2 Kg7 47. Ke3 Kf6 48. Ke4 a4 49. b4 Ke6 50. g4 Kf6 51. f4 Ke6 52. a3 Kf6 53.
h4 Ke6 54. Rh8 h5 55. gxh5 gxh5 56. Rxh5 Ra7 57. Re5+ Kf6 58. Rc5 Rc7 59. f5
Rc8 60. Kf4 Rc7 61. d5 Rc8 62. Rxc6+ Rxc6 63. dxc6 Ke7 64. Ke5 Kf7 65. c7 Kg7
66. h5 Kh6 67. c8=Q Kg5 68. f6 Kxh5 69. Kf5 Kh4 70. Qg8 Kh3 71. Kf4 Kh2 72. Kf3
Kh1 73. Qg2# 1-0

[Event "Sparkassen-Open B"]
[Site "Heusenstamm, Martinsee"]
[Date "2017.11.26"]
[Round "6.26"]
[White "Ebeling, Gereon"]
[Black "Kail, Thomas"]
[Result "1-0"]
[WhiteElo "1517"]
[BlackElo "1598"]
[PlyCount "83"]
[EventDate "2017.??.??"]
[WhiteTeam "SK Mainaschaff"]
[BlackTeam "SK Klingenberg"]

1. e4 c6 2. d4 d5 3. e5 Be6 4. Nf3 h6 5. Bd3 f5 6. Nh4 Qd7 7. Qh5+ Bf7 8. Qxf5
Qxf5 9. Bxf5 e6 10. Bd3 Ne7 11. f4 g6 12. Nd2 Nf5 13. Ndf3 Be7 14. Nxf5 gxf5
15. Bd2 Nd7 16. O-O-O O-O-O 17. Be1 b5 18. Bh4 Bxh4 19. Nxh4 Rdg8 20. Rd2 Rg7
21. Rg1 Rhg8 22. g3 Bh5 23. c3 Rg4 24. Rdg2 R4g7 25. Kd2 a6 26. a3 c5 27. Be2
Bxe2 28. Kxe2 c4 29. g4 Nf8 30. Kf3 Kd7 31. gxf5 Rxg2 32. Rxg2 Rxg2 33. Kxg2
exf5 34. Nxf5 Ng6 35. Kg3 h5 36. Nh4 Ne7 37. f5 Nc6 38. f6 Ke6 39. Nf3 b4 40.
Ng5+ Kd7 41. e6+ Ke8 42. f7+ 1-0

[Event "Sparkassen-Open B"]
[Site "Heusenstamm, Martinsee"]
[Date "2017.11.26"]
[Round "6.27"]
[White "Kodalle, Dominik"]
[Black "Ummen, Jonathan"]
[Result "1-0"]
[WhiteElo "1589"]
[BlackElo "1520"]
[PlyCount "89"]
[EventDate "2017.??.??"]
[WhiteTeam "Aschaffenburg-Schweinheim"]
[BlackTeam "vereinslos"]

1. c4 e6 2. Nc3 Nf6 3. g3 c6 4. Bg2 d5 5. cxd5 cxd5 6. Nf3 Nc6 7. a3 Be7 8. b4
a6 9. Bb2 O-O 10. O-O b5 11. d3 Bb7 12. Nd2 Qd7 13. Rc1 Rac8 14. f4 Ng4 15. Qe1
Ne3 16. Rf3 d4 17. Nce4 f5 18. Nc5 Bxc5 19. Rxc5 Nxg2 20. Kxg2 Nxb4 21. axb4
Bxf3+ 22. Nxf3 Rxc5 23. bxc5 Ra8 24. Nxd4 a5 25. c6 Qc7 26. Qc1 Ra6 27. Qc5 b4
28. e4 Kf7 29. Qc4 Qc8 30. c7 fxe4 31. Nxe6 Ke7 32. Nd8 exd3 33. Qxd3 Qxc7 34.
Qxa6 Qxd8 35. Qe2+ Kf7 36. Qh5+ Kg8 37. Qe5 Qd7 38. Qd4 Qb7+ 39. Kg1 a4 40. f5
a3 41. Bc1 Qc7 42. Bf4 Qe7 43. Qd5+ Kh8 44. Qa8+ Qe8 45. Qxe8# 1-0

[Event "Sparkassen-Open B"]
[Site "Heusenstamm, Martinsee"]
[Date "2017.11.26"]
[Round "6.28"]
[White "Pomrehn, Ole Magnus"]
[Black "Gräf, Kilian Gabriel"]
[Result "1/2-1/2"]
[WhiteElo "1512"]
[BlackElo "1573"]
[PlyCount "87"]
[EventDate "2017.??.??"]
[WhiteTeam "SF Schöneck"]
[BlackTeam "SV Frankfurt Nord"]

1. Nf3 Nf6 2. g3 g6 3. Bg2 Bg7 4. O-O O-O 5. d3 d6 6. c4 Re8 7. Nc3 Nbd7 8. Qc2
c6 9. Re1 d5 10. cxd5 Nxd5 11. Nxd5 cxd5 12. d4 e5 13. dxe5 Nxe5 14. Nxe5 Rxe5
15. Bf4 Re7 16. Rad1 Be6 17. Rc1 Qb6 18. b3 Bf5 19. Qc5 Qxc5 20. Rxc5 d4 21.
Rc7 Rxc7 22. Bxc7 Rc8 23. Bf4 b6 24. Rc1 Rc2 25. Rxc2 Bxc2 26. Bb8 a6 27. Bb7
Bb1 28. Bxa6 Bxa2 29. b4 Bf8 30. Ba7 Bxb4 31. Bxb6 Bc3 32. Bd3 f5 33. Bc7 Kf7
34. h4 Kf6 35. Bf4 Bd5 36. Kf1 Be4 37. f3 Bxd3 38. exd3 Ke6 39. Ke2 Kd5 40. Bd2
Kc5 41. Bf4 Kb4 42. Be5 Kb3 43. Bf4 Kc2 44. Bg5 1/2-1/2

[Event "Sparkassen-Open B"]
[Site "Heusenstamm, Martinsee"]
[Date "2017.11.26"]
[Round "6.29"]
[White "Löhr, Frank"]
[Black "El-Lawindy, Asem"]
[Result "1/2-1/2"]
[WhiteElo "1484"]
[BlackElo "1562"]
[PlyCount "47"]
[EventDate "2017.??.??"]
[WhiteTeam "SF Ötzingen"]
[BlackTeam "VSG Offenbach"]

1. d4 d5 2. c4 c6 3. Nc3 Nf6 4. e3 Bf5 5. cxd5 cxd5 6. Qb3 Qd7 7. Bb5 Nc6 8.
Nf3 e6 9. Ne5 Qd6 10. O-O Be7 11. Ba4 O-O 12. Bxc6 bxc6 13. Na4 Nd7 14. f4 Nxe5
15. fxe5 Qb4 16. Qxb4 Bxb4 17. a3 Be7 18. Bd2 Bc2 19. Nc3 c5 20. Rac1 Bd3 21.
Rf2 cxd4 22. exd4 Rab8 23. b4 Rfc8 24. Rf3 1/2-1/2

[Event "Sparkassen-Open B"]
[Site "Heusenstamm, Martinsee"]
[Date "2017.11.26"]
[Round "6.30"]
[White "Spill, Werner"]
[Black "Popp, Johann"]
[Result "1/2-1/2"]
[WhiteElo "1372"]
[BlackElo "1561"]
[PlyCount "27"]
[EventDate "2017.??.??"]
[WhiteTeam "SC Königsspringer Alzenau"]
[BlackTeam "SG Rödermark"]

1. b3 Nf6 2. Bb2 e6 3. e3 d5 4. Nf3 Be7 5. Be2 O-O 6. O-O c5 7. c4 Nbd7 8. Qc2
b6 9. cxd5 Nxd5 10. Na3 Bb7 11. Qc4 Nb4 12. Qg4 Bf6 13. Bxf6 Nxf6 14. Qh4
1/2-1/2

[Event "Sparkassen-Open B"]
[Site "Heusenstamm, Martinsee"]
[Date "2017.11.26"]
[Round "6.31"]
[White "Adlhoch, Walter"]
[Black "Giebitz, Walter"]
[Result "1-0"]
[WhiteElo "1542"]
[BlackElo "1483"]
[PlyCount "95"]
[EventDate "2017.??.??"]
[WhiteTeam "SK Schwandorf"]
[BlackTeam "SC Steinbach"]

1. c4 e5 2. Nc3 Bb4 3. Nd5 Nc6 4. Nxb4 Nxb4 5. a3 Nc6 6. d3 d6 7. g3 Nge7 8.
Bg2 O-O 9. Nf3 h6 10. b4 a6 11. O-O Bg4 12. Bb2 Qd7 13. c5 Bh3 14. Rc1 Bxg2 15.
Kxg2 f5 16. cxd6 cxd6 17. Qb3+ Kh8 18. Qc3 f4 19. d4 Rac8 20. Qd3 Qe6 21. dxe5
dxe5 22. Qe4 Ng6 23. Rc5 Rce8 24. Rfc1 Qf5 25. Nd2 fxg3 26. Qxf5 Rxf5 27. hxg3
Ref8 28. Ne4 Rd8 29. b5 Nd4 30. Bxd4 Rxd4 31. f3 Ra4 32. bxa6 Rxa6 33. R1c4 Rb6
34. Rc8+ Kh7 35. R4c7 Rb2 36. Kf2 Nf8 37. Nd6 Rf6 38. Ne8 Rg6 39. Rb8 Ne6 40.
Rcxb7 Ra2 41. Ra7 Nd4 42. g4 Rxe2+ 43. Kf1 Re3 44. Rbb7 Rxf3+ 45. Ke1 Nf5 46.
gxf5 Rg1+ 47. Ke2 Rfg3 48. Rxg7+ 1-0

[Event "Sparkassen-Open B"]
[Site "Heusenstamm, Martinsee"]
[Date "2017.11.26"]
[Round "6.33"]
[White "Kremenetskiy, Igor"]
[Black "Hahnenstein, Leon"]
[Result "1/2-1/2"]
[WhiteElo "1603"]
[BlackElo "1411"]
[PlyCount "129"]
[EventDate "2017.??.??"]
[WhiteTeam "SF Heusenstamm"]
[BlackTeam "SC Herborn"]

1. e4 e5 2. Nf3 Nc6 3. Bc4 Bc5 4. d3 Nf6 5. a3 d6 6. h3 Be6 7. Nbd2 O-O 8. O-O
Qd7 9. Kh2 Nh5 10. Nxe5 Nxe5 11. Bxe6 fxe6 12. Qxh5 Rxf2 13. Rxf2 Bxf2 14. Nf3
Nxf3+ 15. gxf3 d5 16. Kg2 Bc5 17. Bd2 Rf8 18. Rf1 Be7 19. Be1 c6 20. Bg3 Rf6
21. Qe5 Rg6 22. Kf2 b6 23. Qc7 Bc5+ 24. Ke2 Qxc7 25. Bxc7 Rg2+ 26. Kd1 Bd4 27.
b3 b5 28. Bd6 Kf7 29. Kc1 a6 30. exd5 cxd5 31. Kb1 Kf6 32. Kc1 Be5 33. Bxe5+
Kxe5 34. Re1+ Kf5 35. d4 g6 36. c4 bxc4 37. bxc4 dxc4 38. Re5+ Kf6 39. Rc5 Ra2
40. Ra5 Rf2 41. Rxa6 Rxf3 42. d5 Ke7 43. Rxe6+ Kd7 44. Ra6 Rxh3 45. a4 g5 46.
Ra8 Ra3 47. Kb2 Rb3+ 48. Kc2 h5 49. a5 g4 50. a6 g3 51. a7 Ra3 52. Kb2 g2 53.
Rg8 Rxa7 54. Rxg2 Kd6 55. Rg5 Rh7 56. Kc3 Kc5 57. d6+ Kxd6 58. Kxc4 h4 59. Kd3
h3 60. Rg1 Ke5 61. Ke3 Kf5 62. Kf3 Rh4 63. Kg3 Rg4+ 64. Kh2 Rxg1 65. Kxg1
1/2-1/2

[Event "Sparkassen-Open B"]
[Site "Heusenstamm, Martinsee"]
[Date "2017.11.26"]
[Round "6.34"]
[White "Hansen, Thore"]
[Black "Jung, Kenny"]
[Result "1-0"]
[WhiteElo "1648"]
[BlackElo "1465"]
[PlyCount "23"]
[EventDate "2017.??.??"]
[WhiteTeam "vereinslos"]
[BlackTeam "SF Schöneck"]

1. e4 e5 2. d4 exd4 3. Nf3 Nc6 4. Bc4 Bb4+ 5. c3 dxc3 6. bxc3 Bc5 7. O-O Nge7
8. Ng5 O-O 9. Qh5 h6 10. Nxf7 Rxf7 11. Bxf7+ Kf8 12. Bb3 1-0

[Event "Sparkassen-Open B"]
[Site "Heusenstamm, Martinsee"]
[Date "2017.11.26"]
[Round "6.35"]
[White "Grabs, Peter"]
[Black "Friedel, Thomas"]
[Result "1-0"]
[WhiteElo "1481"]
[BlackElo "1582"]
[PlyCount "117"]
[EventDate "2017.??.??"]
[WhiteTeam "SC Empor Potsdam"]
[BlackTeam "SV Groß-Gerau"]

1. e4 e5 2. Nf3 d6 3. Bc4 Be7 4. d3 Nf6 5. h3 O-O 6. Be3 Nc6 7. c3 Na5 8. Bb5
a6 9. Ba4 Be6 10. Ng5 Bd7 11. Nd2 Qe8 12. Bxd7 Qxd7 13. O-O Rad8 14. c4 b5 15.
b3 Nb7 16. Rc1 c6 17. Ngf3 Nh5 18. Nxe5 dxe5 19. Qxh5 Ba3 20. Rcd1 Qe6 21. Nb1
Bb4 22. Bd2 Bxd2 23. Rxd2 Nc5 24. Rfd1 Rd4 25. f4 g6 26. Qxe5 Qxe5 27. fxe5 Re8
28. Na3 Rxe5 29. Nc2 Ne6 30. Nxd4 Nxd4 31. Kf2 b4 32. Ke3 c5 33. Kf4 f6 34. h4
a5 35. Rb2 Ne6+ 36. Kf3 Nd4+ 37. Kg3 h5 38. Kf2 Kf7 39. g3 Ke6 40. Ra1 Kd6 41.
a3 Kc6 42. axb4 cxb4 43. Ke3 Nf5+ 44. Kf3 Nd4+ 45. Kg2 f5 46. Rf1 fxe4 47. Rf6+
Re6 48. Rxe6+ Nxe6 49. dxe4 Nd4 50. Kf2 Kd6 51. Rb1 Ke5 52. Ke3 Nc2+ 53. Kd3
Nd4 54. Rb2 Ne6 55. Rb1 Nc5+ 56. Ke3 Kd6 57. Rd1+ Kc7 58. e5 Kc8 59. Rd5 1-0

[Event "Sparkassen-Open B"]
[Site "Heusenstamm, Martinsee"]
[Date "2017.11.26"]
[Round "6.37"]
[White "Wiese, Frank"]
[Black "Deutsch, Volker"]
[Result "0-1"]
[WhiteElo "1338"]
[BlackElo "1578"]
[PlyCount "106"]
[EventDate "2017.??.??"]
[WhiteTeam "SF Frankfurt"]
[BlackTeam "SK Gründau"]

1. d4 d5 2. c4 c6 3. Nf3 Nf6 4. Nc3 Bf5 5. cxd5 Nxd5 6. Qb3 Nb6 7. e4 Bg4 8.
Ne5 Be6 9. d5 cxd5 10. Bb5+ N8d7 11. Nxd5 a6 12. Nxd7 Nxd7 13. Bxd7+ Qxd7 14.
Qd3 Bxd5 15. Qxd5 Qxd5 16. exd5 Rd8 17. d6 exd6 18. O-O Be7 19. Re1 Rd7 20. Bf4
O-O 21. Re3 Bf6 22. Rb1 Re7 23. Bxd6 Rxe3 24. fxe3 Rd8 25. Bc5 Rd2 26. Bd4 Bxd4
27. exd4 Rxd4 28. b3 Rd2 29. a4 Kf8 30. h3 Ke7 31. Rc1 Kd6 32. Rc3 Rb2 33. Rg3
g6 34. Rf3 f5 35. h4 Ke5 36. Kh2 Ke4 37. Kh3 Rd2 38. Rc3 Rd3+ 39. Rxd3 Kxd3 40.
b4 Kc4 41. b5 axb5 42. axb5 Kxb5 43. h5 g5 44. Kg3 Kc5 45. Kf3 b5 46. Ke2 Kc4
47. Kd2 b4 48. Kc2 b3+ 49. Kb2 Kb4 50. Kb1 Kc3 51. Kc1 b2+ 52. Kb1 g4 53. g3 h6
0-1

[Event "Sparkassen-Open B"]
[Site "Heusenstamm, Martinsee"]
[Date "2017.11.26"]
[Round "6.39"]
[White "Samy A S, Anthoni"]
[Black "Kirchner, Stefan"]
[Result "1-0"]
[WhiteElo "1098"]
[BlackElo "1546"]
[PlyCount "67"]
[EventDate "2017.??.??"]
[WhiteTeam "SF Friedberg"]
[BlackTeam "SF Schöneck"]

1. e4 e6 2. d4 d5 3. e5 c5 4. Be3 Qb6 5. b3 Nc6 6. Nf3 Nh6 7. c3 Nf5 8. Qd2
Nxe3 9. Qxe3 Bd7 10. Be2 Be7 11. O-O O-O 12. Bd3 cxd4 13. cxd4 Nb4 14. Rc1 Nxd3
15. Qxd3 Bb5 16. Qd2 Ba6 17. Qb2 Qa5 18. a3 b5 19. b4 Qb6 20. Nc3 Rfc8 21. Ne2
Bb7 22. Qd2 Rc4 23. Rab1 Rac8 24. g3 Bd8 25. Nf4 Rxc1+ 26. Rxc1 Rxc1+ 27. Qxc1
Qc7 28. Qc5 Qxc5 29. dxc5 Bc8 30. Nd4 a6 31. Nd3 f6 32. f4 g5 33. Nc6 Bc7 34.
Ne7+ 1-0

[Event "Sparkassen-Open B"]
[Site "Heusenstamm, Martinsee"]
[Date "2017.11.26"]
[Round "6.41"]
[White "Mook, Karl-Jürgen"]
[Black "Landvoigt, Martin"]
[Result "1/2-1/2"]
[WhiteElo "1529"]
[BlackElo "1310"]
[PlyCount "78"]
[EventDate "2017.??.??"]
[WhiteTeam "SC Sulzbach"]
[BlackTeam "SF Friedberg"]

1. e4 e6 2. d3 c5 3. Nd2 Nc6 4. g3 Nf6 5. Bg2 d5 6. Ngf3 dxe4 7. dxe4 Nxe4 8.
O-O Nf6 9. Nc4 Be7 10. Qxd8+ Bxd8 11. Nd6+ Ke7 12. Nc4 Bc7 13. Be3 Ne4 14. a3
Rb8 15. Ng5 Nxg5 16. Bxg5+ f6 17. Be3 Bb6 18. Nxb6 axb6 19. Rfd1 Rd8 20. Rxd8
Nxd8 21. Rd1 Nc6 22. f4 Bd7 23. Bf1 Rd8 24. Bb5 e5 25. fxe5 Nxe5 26. Be2 Be6
27. Kf2 h6 28. b4 Rxd1 29. Bxd1 Kd6 30. Be2 Nd7 31. b5 Bd5 32. c4 Be6 33. Bf4+
Ke7 34. Bc7 g5 35. Ke3 f5 36. Bd3 h5 37. Kf3 Kf6 38. Bd8+ Kg6 39. Bc7 Kf6
1/2-1/2